Managing ArcSDE Application Servers: ArcGIS 9 / (Record no. 616094)

000 -LEADER
fixed length control field 00402nam a22001577a 4500
003 - CONTROL NUMBER IDENTIFIER
control field NUST
005 - DATE AND TIME OF LATEST TRANSACTION
control field 20260206154944.0
008 - FIXED-LENGTH DATA ELEMENTS--GENERAL INFORMATION
fixed length control field 260206b ||||| |||| 00| 0 eng d
082 ## - DEWEY DECIMAL CLASSIFICATION NUMBER
Classification number 910.285
100 ## - MAIN ENTRY--PERSONAL NAME
Personal name ESRI Press
9 (RLIN) 133102
245 ## - TITLE STATEMENT
Title Managing ArcSDE Application Servers: ArcGIS 9 /
Statement of responsibility, etc. ESRI Press
260 ## - PUBLICATION, DISTRIBUTION, ETC.
Name of publisher, distributor, etc. ESRI Press,
Date of publication, distribution, etc. 2004.
300 ## - PHYSICAL DESCRIPTION
Extent 147 p ;
563 ## - BINDING INFORMATION
Binding note Paperback
942 ## - ADDED ENTRY ELEMENTS (KOHA)
Source of classification or shelving scheme
Koha item type Book
Holdings
Withdrawn status Lost status Source of classification or shelving scheme Damaged status Not for loan Permanent Location Current Location Date acquired Total Checkouts Full call number Barcode Date last seen Price effective from Koha item type
          Institute of Geographical Information Systems (IGIS) Institute of Geographical Information Systems (IGIS) 02/06/2026   910.285 IGIS-1065 02/06/2026 02/06/2026 Book
          Institute of Geographical Information Systems (IGIS) Institute of Geographical Information Systems (IGIS) 02/06/2026   910.285 IGIS-1069 02/06/2026 02/06/2026 Book
© 2023 Central Library, National University of Sciences and Technology. All Rights Reserved.